000 00604nam a22001937a 4500
005 20251108173138.0
008 250721s2006 xx 000 0 ara d
082 1 4 _a218.2/ دجو
100 1 _aزعتري، علاء الدين
_ecomp.
245 1 0 _aإتمام فتح الخلاق في مكارم الأخلاق للدجوي /
264 1 _aدمشق :
_bدار العصماء،
_c2006.
300 _a200ص
650 1 7 _aالآداب الإسلامية
650 1 7 _aالفضائل
650 1 7 _aالإسلام
700 1 _aالدجوي، أحمد سعيد
942 _2ddc
_cBK
999 _c97111
_d97111